00409nam a2200157Ia 4500003000900000008004100009020001800050040001600068080001200084100002000096245005700116260002400173300001800197650002400215650001200239IN-BaIIA211028s9999 xx 000 0 eng d a3-527-29315-9 cIIA Library a53bSCH aSchuster, H. J. 0aDeterministic chaosban introductioncH. J. Schuster aWeinheimbVCHc1995 axxviii, 291p. adeterministic chaos aphysics